000
00310nam a22001337a 4500
008
181102b xxu||||| |||| 00| 0 eng d
020
_a
0155469029
041
_a
eng
080
_a
101
100
_a
24
101
_a
FIL
245
_a
Invitation to Philosophical thinking
_c
Beardsley,E.L
942
_2
udc
_c
BK
999
_c
51761
_d
51761